Vías terrestres: Impacto ambiental en carreteras

Bibliographic Details
Main Author: Milán Pérez, José Antonio
Format: Section = Libro
Language:Undetermined
Spanish
Published: Managua UNI 2009
Subjects:
LEADER 00498nam a2200181Ia 4500
008 240830s9999 xx 000 0 und d
040 |a B-ESTELÍ- RUACS / 333.7 M637 
041 |a spa 
082 |a 333.7 M637 
100 1 |a Milán Pérez, José Antonio 
245 1 0 |a Vías terrestres: Impacto ambiental en carreteras 
260 |a Managua  |b UNI  |c 2009 
300 |a 138 p.:il 
650 7 |a VIAS TERRESTRES 
650 7 |b  IMPACTO AMBIENTAL EN CARRETERAS 
942 |c BK  |2 ddc 
991 |a TEXTO 
999 |c 10753